000 01152nam a2200241 a 4500
001 51884
003 BD-RjUL
005 20211209075727.0
008 160904r19471940nyua|||| b||| 001 0 eng d
035 _a(BD-RjUL)52004
040 _aBD-RjUL
_beng
_cBD-RjUL
041 _aeng
082 _223
_a375.51
_bNAP 1947
110 2 _aNational Council of Teachers of Mathematics
_9155188
245 1 4 _aThe Place of mathematics in secondary education :
_bthe final report of the Joint Commission of the Mathematical Association of America and the National Council of Teachers of Mathematics /
_cNational Council of Teachers of Mathematics , Mathematical Association of America
246 _aThe National Council of Teachers of Mathematics :Fifteenth Yearbook
260 _aNew York :
_bBureau of Publications, Teachers College, Columbia University,
_cc1940 [Printing 1947]
300 _axvi, 253 p. :
_bill. ;
_c24 cm.
500 _aAt the head of Title: The National Council of Teachers of Mathematics :Fifteenth Yearbook
504 _aIncludes bibliography and index.
650 _aMathematics
_xStudy and teaching (Secondary)
_9132939
942 _2ddc
_cBK
999 _c51884
_d51884